000 00379nam a22001217a 4500
999 _c532883
_d532883
008 260330b ||||| |||| 00| 0 eng d
100 _aMohanty, Sachidananda
_959886
245 _aBeyond the colonial gaze: Culture ideology and translation practice
260 _aSocial Scientist
300 _a53(9-10), Sep-Oct, 2025: p.15-22
773 _aSocial Scientist
942 _cAR